
Library Catalogue

| 000 -LEADER | |
|---|---|
| fixed length control field | 00843cam a22002654a 4500 |
| 001 - CONTROL NUMBER | |
| control field | 2156056 |
| 003 - CONTROL NUMBER IDENTIFIER | |
| control field | OSt |
| 005 - DATE AND TIME OF LATEST TRANSACTION | |
| control field | 20260418155948.0 |
| 008 - FIXED-LENGTH DATA ELEMENTS--GENERAL INFORMATION | |
| fixed length control field | 990107s1999 ja a bs 001 0 eng |
| 010 ## - LIBRARY OF CONGRESS CONTROL NUMBER | |
| LC control number | 99010729 |
| 020 ## - INTERNATIONAL STANDARD BOOK NUMBER | |
| International Standard Book Number | 9280810308 |
| Qualifying information | alk. paper |
| 040 ## - CATALOGING SOURCE | |
| Transcribing agency | . |
| 082 ## - DEWEY DECIMAL CLASSIFICATION NUMBER | |
| Classification number | 320.95 WED |
| 100 1# - MAIN ENTRY--PERSONAL NAME | |
| Personal name | Weder, Beatrice. |
| 245 10 - TITLE STATEMENT | |
| Title | Model, myth, or miracle? : |
| Remainder of title | reassessing the role of governments in the East Asian experience / |
| Statement of responsibility, etc. | Beatrice Weder. |
| 260 ## - PUBLICATION, DISTRIBUTION, ETC. | |
| Place of publication, distribution, etc. | New York : |
| Name of publisher, distributor, etc. | United Nations University Press, |
| Date of publication, distribution, etc. | c1999. |
| 300 ## - PHYSICAL DESCRIPTION | |
| Extent | vi, 169 p. : |
| Other physical details | ill. ; |
| Dimensions | 23 cm. |
| 365 ## - TRADE PRICE | |
| Price amount | Rs.644 |
| 650 #0 - SUBJECT ADDED ENTRY--TOPICAL TERM | |
| Topical term or geographic name entry element | Bureaucracy |
| Geographic subdivision | East Asia. |
| 650 #0 - SUBJECT ADDED ENTRY--TOPICAL TERM | |
| Topical term or geographic name entry element | Business and politics |
| Geographic subdivision | East Asia. |
| 650 #0 - SUBJECT ADDED ENTRY--TOPICAL TERM | |
| Topical term or geographic name entry element | Political corruption |
| Geographic subdivision | East Asia. |
| 651 #0 - SUBJECT ADDED ENTRY--GEOGRAPHIC NAME | |
| Geographic name | East Asia |
| General subdivision | Politics and government. |
| 651 #0 - SUBJECT ADDED ENTRY--GEOGRAPHIC NAME | |
| Geographic name | East Asia |
| General subdivision | Economic policy. |
| 942 ## - ADDED ENTRY ELEMENTS (KOHA) | |
| Source of classification or shelving scheme | Dewey Decimal Classification |
| Koha item type | BOOKs |
| Withdrawn status | Lost status | Source of classification or shelving scheme | Damaged status | Not for loan | Home library | Current library | Shelving location | Date acquired | Cost, normal purchase price | Total Checkouts | Full call number | Barcode | Date last seen | Date last checked out | Price effective from | Koha item type |
|---|---|---|---|---|---|---|---|---|---|---|---|---|---|---|---|---|
| Dewey Decimal Classification | . | . | General Stacks | 30.05.2017 | 644.00 | 1 | 320.95 WED | 34887 | 25.07.2024 | 11.07.2024 | 30.05.2017 | BOOKs |